• 首页
  • 本馆介绍
  • 公告通知
  • 最新文献
  • 馆藏检索
  • 电子资源
  • 读者导购
  • 参考咨询
  • 我的图书馆
  • 登录
  • 详细信息显示
  • 放入我的书架
  • 预约/预借图书
  • 作者相关作品
  • 分类相关作品
  • 丛书相关作品
  • 出版社相关作品

书目信息

  • 表格格式
  • 工作单格式
  • 卡片格式
题名:
比较
    
 
作者: 吴敬琏
分册: (三)  
出版信息: 北京   中信出版社  2002
页数: 193
开本: 24cm
丛书名:
单 册:
中图分类: F064.2
科图分类:
主题词: 经济学--分支科学
电子资源:
ISBN: 7-80073-571-0
000 00485nam0 2200181 450
001 0760515518
005 20070817164835.51
010    @a7-80073-571-0@d¥20.00
100    @a20070817d km y0chiy0120 ea
101 0  @achi
200 1  @a比较@Abi jiao@h(三)@f吴敬琏@Fwu jing lian
210    @a北京@c中信出版社@d2002
215    @a193@d24cm
606 0  @a经济学@x分支科学
690    @aF064.2@v3
701  0 @a吴敬琏@Awu jing lian
801  0 @aCN@bPFT@c20070817
905    @a213230@dF064.2@eg61:3@f1
    
    比较.(三)/吴敬琏.-北京:中信出版社,2002
    193;24cm
    
    
    ISBN 7-80073-571-0:¥20.00
    
●
相关链接 在E读中查询图书 在五车中查询图书 在当当中查询图书 在豆瓣中查询图书


正题名:比较     索取号:F064.2/g61:3         预约/预借

序号 登录号 条形码 馆藏地/架位号 状态 备注
1 6501693   265016939   密集书库-海洋学院/ [索取号:F064.2/g61:3] 在馆    
唐山师范学院图书馆 欢迎您!
大连网信软件有限公司© 版权所有